Catálogo - Centro de Recursos para el Aprendizaje y la Investigación

Volver al Sitio - CRAI Biblioteca

Los hombres no son islas : (Registro nro. 113336)

Detalles MARC
000 -CABECERA
campo de control de longitud fija 00820nam a2200265 4500
001 - NÚMERO DE CONTROL
campo de control 113336
003 - IDENTIFICADOR DEL NÚMERO DE CONTROL
campo de control DR-UNIBE
005 - FECHA Y HORA DE LA ÚLTIMA TRANSACCIÓN
campo de control 20251016062601.0
008 - DATOS DE LONGITUD FIJA--INFORMACIÓN GENERAL
campo de control de longitud fija 250314b2022 sp ||||| |||| 00| 0 spa d
020 ## - NÚMERO INTERNACIONAL ESTÁNDAR DEL LIBRO
Número Internacional Estándar del Libro 9788419036124
040 ## - FUENTE DE LA CATALOGACIÓN
Centro catalogador/agencia de origen BIBLIOTECA UNIBE
Centro/agencia transcriptor BIBLIOTECA UNIBE
Normas de descripción rda
041 ## - CÓDIGO DE LENGUA
Código de lengua del texto/banda sonora o título independiente spa
Código de lengua original Ita
082 ## - NÚMERO DE LA CLASIFICACIÓN DECIMAL DEWEY
Número de clasificación 854 O65h
100 ## - ENTRADA PRINCIPAL--NOMBRE DE PERSONA
Nombre de persona Ordine, Nuccio,
Fechas asociadas al nombre 1958-2023
Término indicativo de función/relación autor
9 (RLIN) 174018
245 14 - MENCIÓN DE TÍTULO
Título Los hombres no son islas :
Resto del título los clásicos nos ayudan a vivir /
Mención de responsabilidad, etc. Nuccio Ordine
260 ## - PUBLICACIÓN, DISTRIBUCIÓN, ETC.
Lugar de publicación, distribución, etc. Barcelona :
Nombre del editor, distribuidor, etc. Acantilado,
Fecha de publicación, distribución, etc. 2017
300 ## - DESCRIPCIÓN FÍSICA
Extensión 286 páginas
490 ## - MENCIÓN DE SERIE
Mención de serie El Acantilado ;
Designación de volumen o secuencia 446
500 ## - NOTA GENERAL
Nota general Título original: Gli uomini non sono isole
650 #7 - PUNTO DE ACCESO ADICIONAL DE MATERIA--TÉRMINO DE MATERIA
Término de materia o nombre geográfico como elemento de entrada Ensayos
650 #7 - PUNTO DE ACCESO ADICIONAL DE MATERIA--TÉRMINO DE MATERIA
Fuente del encabezamiento o término lemb
Término de materia o nombre geográfico como elemento de entrada Literatura
9 (RLIN) 174131
653 00 - TÉRMINO DE INDIZACIÓN--NO CONTROLADO
Término no controlado Literatura clásica
700 ## - PUNTO DE ACCESO ADICIONAL--NOMBRE DE PERSONA
Nombre de persona Bayod, Jordi
Término indicativo de función/relación traductor
9 (RLIN) 193094
942 ## - ELEMENTOS DE PUNTO DE ACCESO ADICIONAL (KOHA)
Fuente del sistema de clasificación o colocación Sistema de Clasificación Decimal Dewey
Tipo de ítem Koha Libro (general)
Existencias
Estado de retiro Estado de pérdida Fuente del sistema de clasificación o colocación No para préstamo Código de colección Localización permanente Fecha de adquisición Total de préstamos Signatura topográfica completa Código de barras Fecha visto por última vez Número de copia Precio válido a partir de Tipo de ítem Koha
  Disponible Sistema de Clasificación Decimal Dewey   General Biblioteca Central UNIBE 14/04/2025   854 O65h 250259 14/03/2025 Ej. 1 21/03/2025 Libro (general)